Cobertura del cauce de las riadas a su paso por la rambla / por Federico Puig y Bosh
Publicado:
San Jorge, núm. 85 (1r trimestre 1972), pàg 60 :
MARC
| LEADER | 00000nam a2200000Ia 4500 | ||
|---|---|---|---|
| 001 | |||
| 008 | 160829s9999 xx 000 0 cat d | ||
| 100 | |a Puig y Bosch, Federico |9 29570 | ||
| 245 | |a Cobertura del cauce de las riadas a su paso por la rambla / por Federico Puig y Bosh | ||
| 260 | |a San Jorge, núm. 85 (1r trimestre 1972), pàg 60 | ||
| 650 | |a Estructures hidràuliques |x Arenys de Mar |9 45077 | ||
| 901 | |a Arxiu | ||
| 942 | |n 1 | ||
| 952 | |0 0 |1 0 |4 0 |7 1 |9 52346 |a Arxiu |b Arxiu |d 2016-12-01 |l 0 |r 2016-12-01 00:00:00 |w 2016-12-01 |y ARXIU | ||
| 999 | |c 56194 |d 56194 | ||